[Event "CFriend AC-2005-Q-00004 email"]
[Site "Chessfriend.com"]
[Date "2005.07.22"]
[Round "1"]
[White "Petzold, Gunter"]
[Black "Nursaidov, Askar"]
[Result "1-0"]
[WhiteElo "2270"]
[BlackElo "2297"]
[PlyCount "21"]
[EventDate "2005.??.??"]
[EventType "tourn (corr)"]
[EventRounds "6"]
[SourceTitle "Corr 2024"]
[Source "ChessBase"]
[SourceDate "2023.10.19"]
[SourceVersion "1"]
[SourceVersionDate "2023.10.19"]
[SourceQuality "1"]

1. d4 d5 2. c4 c6 3. Nf3 Nf6 4. e3 e6 5. Nc3 Nbd7 6. Bd3 dxc4 7. Bxc4 b5 8. Be2 Bb7 9. 0-0 a6 10. e4 c5 11. e5 1-0

[Event "CFriend AR-2004-F-00002 email"]
[Site "Chessfriend.com"]
[Date "2005.07.08"]
[Round "1"]
[White "Nursaidov, Askar"]
[Black "Minchev, Valentin"]
[Result "1/2-1/2"]
[WhiteElo "2297"]
[BlackElo "2418"]
[PlyCount "72"]
[EventDate "2005.??.??"]
[EventType "tourn (corr)"]
[EventRounds "6"]
[SourceTitle "Corr 2024"]
[Source "ChessBase"]
[SourceDate "2023.10.19"]
[SourceVersion "1"]
[SourceVersionDate "2023.10.19"]
[SourceQuality "1"]

1. d4 Nf6 2. c4 e6 3. Nc3 Bb4 4. e3 0-0 5. Bd3 d5 6. Nf3 c5 7. 0-0 Nc6 8. a3 Bxc3 9. bxc3 dxc4 10. Bxc4 Qc7 11. Bb2 e5 12. h3 Bf5 13. Qe2 Rfe8 14. d5 Na5 15. Bb5 c4 16. Bxe8 Bd3 17. d6 Qxd6 18. Bxf7+ Kxf7 19. Qd1 e4 20. Nd4 Qb6 21. Ra2 Bxf1 22. Qxf1 Kg8 23. a4 Nd5 24. Ba3 Nxc3 25. Rb2 Qa6 26. f3 Nxa4 27. Rf2 c3 28. Nb5 Qb6 29. fxe4 h6 30. Rf5 Qxe3+ 31. Kh2 c2 32. Rf8+ Rxf8 33. Qxf8+ Kh7 34. Qf5+ Kg8 35. Qf8+ Kh7 36. Qf5+ Kg8 1/2-1/2

[Event "CFriend AM-2004-0-00016 email"]
[Site "Chessfriend.com"]
[Date "2005.04.11"]
[Round "1"]
[White "Balabaev, Farit Gasisovich"]
[Black "Nursaidov, Askar"]
[Result "1-0"]
[WhiteElo "2437"]
[BlackElo "2297"]
[PlyCount "49"]
[EventDate "2005.??.??"]
[EventType "tourn (corr)"]
[EventRounds "6"]
[SourceTitle "Corr 2008"]
[Source "ChessBase"]
[SourceDate "2008.06.24"]
[SourceVersion "1"]
[SourceVersionDate "2008.06.24"]
[SourceQuality "1"]

1. e4 e6 2. d4 d5 3. Nc3 Nf6 4. e5 Nfd7 5. f4 c5 6. Nf3 Nc6 7. Be3 cxd4 8. Nxd4 Bc5 9. Qd2 Nxd4 10. Bxd4 Bxd4 11. Qxd4 Qb6 12. Qxb6 Nxb6 13. Nb5 Ke7 14. 0-0-0 Bd7 15. Nd4 Na4 16. Bd3 Nc5 17. Rhf1 Rac8 18. Kd2 a6 19. Rde1 h5 20. Re3 g6 21. b3 Rc7 22. Rc1 b5 23. a3 Rg8 24. h4 Rgc8 25. Ree1 1-0

[Event "CFriend AM-2004-0-00016 email"]
[Site "Chessfriend.com"]
[Date "2005.04.11"]
[Round "1"]
[White "Nursaidov, Askar"]
[Black "Fridman, Daniel"]
[Result "1/2-1/2"]
[WhiteElo "2297"]
[BlackElo "2346"]
[PlyCount "38"]
[EventDate "2005.??.??"]
[EventType "tourn (corr)"]
[EventRounds "6"]
[SourceTitle "Corr 2024"]
[Source "ChessBase"]
[SourceDate "2023.10.19"]
[SourceVersion "1"]
[SourceVersionDate "2023.10.19"]
[SourceQuality "1"]

1. d4 Nf6 2. c4 e6 3. Nf3 c5 4. d5 exd5 5. cxd5 d6 6. Nc3 g6 7. e4 Bg7 8. Be2 0-0 9. 0-0 a6 10. a4 Bg4 11. Bf4 Bxf3 12. Bxf3 Qe7 13. Qd2 Nbd7 14. a5 Rab8 15. Be2 Ne8 16. Bg5 Bf6 17. Bh6 Bg7 18. Bg5 Bf6 19. Bh6 Bg7 1/2-1/2

[Event "CFriend AM-2004-0-00016 email"]
[Site "Chessfriend.com"]
[Date "2005.04.11"]
[Round "1"]
[White "Traunecker, Thomas"]
[Black "Nursaidov, Askar"]
[Result "1-0"]
[WhiteElo "2319"]
[BlackElo "2297"]
[PlyCount "77"]
[EventDate "2005.??.??"]
[EventType "tourn (corr)"]
[EventRounds "6"]
[SourceTitle "Corr 2008"]
[Source "ChessBase"]
[SourceDate "2008.06.24"]
[SourceVersion "1"]
[SourceVersionDate "2008.06.24"]
[SourceQuality "1"]

1. d4 d5 2. c4 c6 3. Nf3 Nf6 4. Nc3 e6 5. Bg5 Nbd7 6. Qc2 h6 7. Bh4 dxc4 8. e4 b5 9. Be2 Be7 10. 0-0 0-0 11. a4 b4 12. Nd1 c5 13. e5 Nd5 14. Bxe7 Qxe7 15. Ne3 Nf4 16. Nxc4 Ba6 17. dxc5 b3 18. Qe4 Nxe2+ 19. Qxe2 Rac8 20. Rfd1 Rxc5 21. Qd2 Rd5 22. Qf4 g5 23. Qe4 Nc5 24. Qg4 h5 25. Qxh5 Bxc4 26. Nxg5 f6 27. exf6 Rxf6 28. Qg4 Be2 29. Qxe2 Rxg5 30. Qe3 Qg7 31. g3 Rff5 32. Rac1 Qf8 33. f4 Rh5 34. Rc3 Rd5 35. Rf1 Qd6 36. g4 Rh7 37. a5 Rc7 38. Rfc1 e5 39. f5 1-0

[Event "IECG CM.2005.0.00273 email"]
[Site "IECG email"]
[Date "2005.04.03"]
[Round "?"]
[White "Nursaidov, Askar"]
[Black "Lehnert, Ronald"]
[Result "1-0"]
[WhiteElo "2251"]
[BlackElo "2223"]
[PlyCount "55"]
[EventDate "2005.04.03"]
[EventType "tourn (corr)"]
[EventRounds "6"]
[SourceTitle "Corr 2008"]
[Source "ChessBase"]
[SourceDate "2008.06.24"]
[SourceVersion "1"]
[SourceVersionDate "2008.06.24"]
[SourceQuality "1"]

1. d4 d5 2. c4 dxc4 3. Nf3 Nf6 4. Nc3 a6 5. e4 b5 6. e5 Nd5 7. a4 Nxc3 8. bxc3 Qd5 9. g3 Bb7 10. Bg2 Qd7 11. Ba3 Bd5 12. 0-0 Nc6 13. Re1 Rd8 14. e6 Bxe6 15. Ne5 Nxe5 16. Rxe5 c6 17. axb5 axb5 18. Bc5 f6 19. Ra7 fxe5 20. Rxd7 Bxd7 21. Qh5+ g6 22. Qxe5 Rg8 23. d5 Bf5 24. d6 Rc8 25. dxe7 Bg7 26. Qd6 Bd7 27. h4 Bxc3 28. Be4 1-0

[Event "IECG CM.2005.0.00273 email"]
[Site "IECG email"]
[Date "2005.04.03"]
[Round "?"]
[White "Petrov, Milen Stoyanov"]
[Black "Nursaidov, Askar"]
[Result "1/2-1/2"]
[WhiteElo "2228"]
[BlackElo "2251"]
[PlyCount "49"]
[EventDate "2005.04.03"]
[EventType "tourn (corr)"]
[EventRounds "6"]
[SourceTitle "Corr 2008"]
[Source "ChessBase"]
[SourceDate "2008.06.24"]
[SourceVersion "1"]
[SourceVersionDate "2008.06.24"]
[SourceQuality "1"]

1. d4 d5 2. c4 c6 3. Nf3 Nf6 4. Nc3 e6 5. Bg5 Nbd7 6. e3 Qa5 7. Nd2 Bb4 8. Qc2 0-0 9. a3 dxc4 10. Bxf6 Nxf6 11. Nxc4 Bxc3+ 12. bxc3 Qd5 13. Bd3 b5 14. e4 Qg5 15. Ne3 e5 16. 0-0 Be6 17. a4 a6 18. g3 Rad8 19. f4 exf4 20. Rxf4 c5 21. e5 Nh5 22. Re4 b4 23. Rf1 bxc3 24. dxc5 Nxg3 25. hxg3 1/2-1/2

[Event "CFriend AM-2004-0-00015 email"]
[Site "Chessfriend.com"]
[Date "2005.02.07"]
[Round "1"]
[White "Hase, Michael"]
[Black "Nursaidov, Askar"]
[Result "1/2-1/2"]
[WhiteElo "2474"]
[BlackElo "2297"]
[PlyCount "44"]
[EventDate "2005.??.??"]
[EventType "tourn (corr)"]
[EventRounds "6"]
[SourceTitle "Corr 2024"]
[Source "ChessBase"]
[SourceDate "2023.10.19"]
[SourceVersion "1"]
[SourceVersionDate "2023.10.19"]
[SourceQuality "1"]

1. d4 d5 2. c4 c6 3. Nf3 Nf6 4. Nc3 e6 5. Bg5 Nbd7 6. cxd5 exd5 7. e3 Be7 8. Qc2 0-0 9. Bd3 Re8 10. h3 Ne4 11. Bxe4 dxe4 12. Nxe4 Bxg5 13. Nexg5 Nf8 14. h4 h6 15. Nh3 Ng6 16. 0-0-0 Qf6 17. Rde1 Bf5 18. e4 Bg4 19. h5 Bxh5 20. e5 Qe7 21. Nhg5 Bg4 22. Ne4 c5 1/2-1/2

[Event "CFriend AM-2004-0-00015 email"]
[Site "Chessfriend.com"]
[Date "2005.02.07"]
[Round "1"]
[White "Nikel, Bogdan"]
[Black "Nursaidov, Askar"]
[Result "1-0"]
[WhiteElo "2289"]
[BlackElo "2297"]
[PlyCount "55"]
[EventDate "2005.??.??"]
[EventType "tourn (corr)"]
[EventRounds "6"]
[SourceTitle "Corr 2008"]
[Source "ChessBase"]
[SourceDate "2008.06.24"]
[SourceVersion "1"]
[SourceVersionDate "2008.06.24"]
[SourceQuality "1"]

1. e4 e6 2. d4 d5 3. Nd2 Nf6 4. e5 Nfd7 5. Bd3 c5 6. c3 Nc6 7. Ne2 cxd4 8. cxd4 f6 9. exf6 Nxf6 10. 0-0 Bd6 11. Nf3 Qc7 12. Bg5 0-0 13. Rc1 Bd7 14. Ng3 Qb6 15. Bxf6 gxf6 16. Qd2 Rf7 17. Nh5 Kh8 18. Be2 Rg8 19. a3 Na5 20. Rc3 Qd8 21. Qe3 b5 22. b3 Bxa3 23. Rc2 Bd6 24. Ra2 b4 25. Rfa1 Bc7 26. Kh1 Re8 27. Nf4 Nxb3 28. Qxb3 1-0

[Event "CFriend AM-2004-0-00015 email"]
[Site "Chessfriend.com"]
[Date "2005.02.07"]
[Round "1"]
[White "Nursaidov, Askar"]
[Black "Tenev, Toncho"]
[Result "1/2-1/2"]
[WhiteElo "2297"]
[BlackElo "2366"]
[PlyCount "52"]
[EventDate "2005.??.??"]
[EventType "tourn (corr)"]
[EventRounds "6"]
[SourceTitle "Corr 2024"]
[Source "ChessBase"]
[SourceDate "2023.10.19"]
[SourceVersion "1"]
[SourceVersionDate "2023.10.19"]
[SourceQuality "1"]

1. d4 Nf6 2. c4 e6 3. Nc3 Bb4 4. Qc2 0-0 5. a3 Bxc3+ 6. Qxc3 b6 7. Bg5 Bb7 8. f3 h6 9. Bh4 d5 10. e3 Nbd7 11. cxd5 Nxd5 12. Bxd8 Nxc3 13. Bh4 Nd5 14. Bf2 c5 15. e4 Ne7 16. Rc1 cxd4 17. Bb5 Nc5 18. b4 Bc6 19. Bc4 Nd7 20. Bxd4 Ba4 21. Ne2 Nc6 22. Ba1 Nde5 23. Ba6 Rad8 24. 0-0 Nd3 25. Rc3 Nde5 26. Ng3 Rd2 1/2-1/2

[Event "CFriend AR-2004-Q-00005 email"]
[Site "Chessfriend.com"]
[Date "2004.12.27"]
[Round "1"]
[White "Florov, Milen"]
[Black "Nursaidov, Askar"]
[Result "1/2-1/2"]
[WhiteElo "2282"]
[BlackElo "2297"]
[PlyCount "135"]
[EventDate "2004.??.??"]
[EventType "tourn (corr)"]
[EventRounds "12"]
[EventCountry "GER"]
[SourceTitle "Corr 2024"]
[Source "ChessBase"]
[SourceDate "2023.10.19"]
[SourceVersion "1"]
[SourceVersionDate "2023.10.19"]
[SourceQuality "1"]

1. e4 e6 2. f4 d5 3. Nc3 dxe4 4. Nxe4 Nf6 5. Nxf6+ Qxf6 6. Nf3 Qxf4 7. d4 Qg4 8. Bd3 Bd6 9. 0-0 Bd7 10. c3 Bc6 11. Be2 Nd7 12. Rf2 Qe4 13. Bd3 Qd5 14. Ng5 Nf6 15. a4 Be7 16. Qe2 Qd7 17. b4 a6 18. Bd2 h6 19. Nf3 Bxf3 20. Qxf3 Qd5 21. Qg3 Rg8 22. Qxc7 Bd6 23. Qb6 Nd7 24. Qa5 Qxa5 25. bxa5 Nf6 26. Rb1 0-0-0 27. Be1 Rd7 28. Rfb2 Rgd8 29. Rb3 Rc7 30. h3 Nd5 31. Kf1 f5 32. Be2 Nf6 33. Bf3 Rdd7 34. c4 Ne4 35. c5 Bf4 36. Rb4 g6 37. Ke2 e5 38. dxe5 Bxe5 39. Rb6 Rxc5 40. Rxg6 Bf4 41. Kf1 Bd2 42. Bf2 Nxf2 43. Rg8+ Rd8 44. Bxb7+ Kc7 45. Rxd8 Kxd8 46. Kxf2 Rxa5 47. Rd1 Kc7 48. Bxa6 Rxa6 49. Rxd2 Rxa4 50. Rd5 Ra2+ 51. Kg3 Ra3+ 52. Kf4 Ra2 53. g3 Rf2+ 54. Ke3 Rf1 55. Rd4 Kc6 56. h4 Re1+ 57. Kf3 Rf1+ 58. Ke2 Rb1 59. Rd3 Ra1 60. Ke3 Rf1 61. Rd8 h5 62. Ke2 Rg1 63. Kf2 Rb1 64. Rf8 Rb5 65. Rf6+ Kd7 66. Kf3 Ke7 67. Rh6 f4 68. Kxf4 1/2-1/2

[Event "CFriend AC-2004-Q-00001 email"]
[Site "Chessfriend.com"]
[Date "2004.07.14"]
[Round "1"]
[White "Hallengren, Boris"]
[Black "Nursaidov, Askar"]
[Result "0-1"]
[WhiteElo "2114"]
[BlackElo "2297"]
[PlyCount "68"]
[EventDate "2004.??.??"]
[EventType "tourn (corr)"]
[EventRounds "10"]
[SourceTitle "Corr 2024"]
[Source "ChessBase"]
[SourceDate "2023.10.19"]
[SourceVersion "1"]
[SourceVersionDate "2023.10.19"]
[SourceQuality "1"]

1. e4 e6 2. d4 d5 3. Nc3 Nf6 4. Bg5 Bb4 5. e5 h6 6. Bh4 g5 7. Bg3 Ne4 8. Nge2 c5 9. a3 Ba5 10. dxc5 h5 11. b4 Nxc3 12. Nxc3 h4 13. Bxh4 Rxh4 14. g3 Rh6 15. bxa5 Qxa5 16. Qd2 a6 17. Ne4 Qxd2+ 18. Nxd2 Nd7 19. Rb1 Nxe5 20. h4 g4 21. c4 Bd7 22. cxd5 exd5 23. Rxb7 Re6 24. Kd1 Ba4+ 25. Kc1 Rc8 26. Nb3 Nd7 27. Kb2 Bxb3 28. Rxb3 Nxc5 29. Rb4 Kf8 30. Kc3 Ne4+ 31. Kd4 Rc2 32. Rb3 Nxf2 33. Rh2 Rd2+ 34. Bd3 Rf6 0-1

[Event "CFriend AC-2004-Q-00001 email"]
[Site "Chessfriend.com"]
[Date "2004.07.14"]
[Round "?"]
[White "Thompson, Brian"]
[Black "Nursaidov, Askar"]
[Result "1/2-1/2"]
[WhiteElo "1848"]
[BlackElo "1800"]
[PlyCount "35"]
[EventDate "2004.??.??"]
[EventType "tourn (corr)"]
[EventRounds "10"]
[SourceTitle "Corr 2008"]
[Source "ChessBase"]
[SourceDate "2008.06.24"]
[SourceVersion "1"]
[SourceVersionDate "2008.06.24"]
[SourceQuality "1"]

1. d4 d5 2. c4 c6 3. Nf3 Nf6 4. Nc3 e6 5. Bg5 h6 6. Bh4 dxc4 7. e4 g5 8. Bg3 b5 9. Be2 b4 10. Na4 Nxe4 11. Be5 Nf6 12. Nc5 Bg7 13. Bxc4 0-0 14. Qc2 Qe7 15. h4 g4 16. Ng5 Rd8 17. Rd1 a5 18. Nge4 1/2-1/2

[Event "CFriend AP-2004-Q-00003 email"]
[Site "Chessfriend.com"]
[Date "2004.02.04"]
[Round "?"]
[White "Nenciulescu, Silviu Catalin"]
[Black "Nursaidov, Askar"]
[Result "0-1"]
[WhiteElo "2060"]
[BlackElo "1800"]
[PlyCount "68"]
[EventDate "2004.??.??"]
[EventType "tourn (corr)"]
[EventRounds "12"]
[SourceTitle "Corr 2008"]
[Source "ChessBase"]
[SourceDate "2008.06.24"]
[SourceVersion "1"]
[SourceVersionDate "2008.06.24"]
[SourceQuality "1"]

1. d4 d5 2. c4 c6 3. Nf3 Nf6 4. cxd5 cxd5 5. Nc3 Nc6 6. Bf4 Qb6 7. Na4 Qa5+ 8. Bd2 Qc7 9. Rc1 e6 10. e3 Bd6 11. b4 a6 12. Bd3 0-0 13. Qc2 Bd7 14. Qb1 Rfe8 15. Nc5 Bc8 16. h3 Qe7 17. g4 e5 18. dxe5 Nxe5 19. Nxe5 Qxe5 20. Kf1 b6 21. Na4 d4 22. Nxb6 Bb7 23. Rg1 Qh2 24. Nxa8 Bf4 25. Rc2 Qxh3+ 26. Ke1 dxe3 27. Bxe3 Bxe3 28. Re2 Bxf2+ 29. Kxf2 Qh2+ 30. Kf1 Rxe2 31. Bxe2 Ne4 32. Qxe4 Bxe4 33. Nb6 Qf4+ 34. Ke1 Qe3 0-1

[Event "CFriend AP-2004-Q-00003 email"]
[Site "Chessfriend.com"]
[Date "2004.02.04"]
[Round "?"]
[White "Nursaidov, Askar"]
[Black "Sanga, Alberto"]
[Result "1-0"]
[WhiteElo "1800"]
[BlackElo "1997"]
[PlyCount "83"]
[EventDate "2004.??.??"]
[EventType "tourn (corr)"]
[EventRounds "12"]
[SourceTitle "Corr 2008"]
[Source "ChessBase"]
[SourceDate "2008.06.24"]
[SourceVersion "1"]
[SourceVersionDate "2008.06.24"]
[SourceQuality "1"]

1. d4 f5 2. Nc3 g6 3. h4 Nf6 4. h5 Bg7 5. h6 Bf8 6. Bg5 d5 7. Qd2 c6 8. e3 Nbd7 9. Nge2 e5 10. 0-0-0 e4 11. Nf4 Nb6 12. Be2 Bb4 13. Kb1 0-0 14. a3 Bd6 15. f3 Qe7 16. Rdf1 Bd7 17. Rhg1 Rac8 18. Nd1 Qf7 19. Nc3 exf3 20. gxf3 Rfe8 21. Rg2 c5 22. Rfg1 cxd4 23. exd4 Bxf4 24. Bxf4 a6 25. Be5 Be6 26. Qf4 Nbd7 27. Bd6 Nh5 28. Qh2 Nhf6 29. Bd3 Nb6 30. Ne2 Nc4 31. Bxc4 dxc4 32. Nf4 c3 33. Nxg6 hxg6 34. Rxg6+ Kh8 35. Be5 Ba2+ 36. Ka1 cxb2+ 37. Kxb2 Re6 38. h7 Rb6+ 39. Ka1 Rb1+ 40. Rxb1 Qxg6 41. Rg1 Rxc2 42. Qh1 1-0

[Event "CFriend AP-2004-Q-00003 email"]
[Site "Chessfriend.com"]
[Date "2004.02.04"]
[Round "?"]
[White "Peters, Andreas"]
[Black "Nursaidov, Askar"]
[Result "1/2-1/2"]
[WhiteElo "2249"]
[BlackElo "1800"]
[PlyCount "67"]
[EventDate "2004.??.??"]
[EventType "tourn (corr)"]
[EventRounds "12"]
[SourceTitle "Corr 2008"]
[Source "ChessBase"]
[SourceDate "2008.06.24"]
[SourceVersion "1"]
[SourceVersionDate "2008.06.24"]
[SourceQuality "1"]

1. e4 e6 2. d4 d5 3. Nc3 Nf6 4. e5 Nfd7 5. f4 c5 6. Nf3 Nc6 7. Be3 cxd4 8. Nxd4 Bc5 9. Qd2 Nxd4 10. Bxd4 Bxd4 11. Qxd4 Qb6 12. Nb5 Qxd4 13. Nxd4 Ke7 14. 0-0-0 Nb8 15. Bd3 Bd7 16. c3 Nc6 17. h4 Nxd4 18. cxd4 h5 19. Kd2 Rac8 20. Rc1 Rxc1 21. Rxc1 Rc8 22. Rxc8 Bxc8 23. b4 a6 24. a4 Bd7 25. Bc2 b6 26. Kc3 Be8 27. Bd1 a5 28. b5 f5 29. Be2 g6 30. Bd3 Kf8 31. Kd2 Kg7 32. Be2 Kh8 33. Ke3 Kg7 34. Kf3 1/2-1/2